| Поле | Инд. | ПП | Название | Значение |
|---|---|---|---|---|
| Тип записи | a | |||
| Библиографический уровень | m | |||
| 001 | Контрольный номер | RU/IS/BASE/329846300 | ||
| 005 | Дата корректировки | 20200702173258.2 | ||
| 040 | a | Служба первич. каталог. | НБ ТвГУ | |
| b | Код языка каталог. | rus | ||
| e | Правила каталог. | PSBO | ||
| 041 | 0_ | a | Код языка текста | rus |
| h | Код языка оригинала | rus | ||
| 080 | a | Индекс УДК | 94(4)"15/16" | |
| 084 | a | Индекс другой классификации/Индекс ББК | Т3(4)51 | |
| 090 | a | Полочн. индекс | 9(4) | |
| x | Авторский знак | Щ 34 | ||
| 100 | 1_ | a | Автор | Щеголев Павел Павлович |
| e | Роль лиц | Автор | ||
| 245 | 10 | a | Заглавие | Очерки из истории Западной Европы XVI-XVII вв. |
| b | Продолж. заглавия | курс лекций | ||
| c | Ответственность | П. П. Щеголев ; под редакцией О. Л. Вайнштейна ; Ленинградский государственный университет, Исторический факультет | ||
| 260 | a | Место издания | Ленинград | |
| b | Издательство | Соцэкгиз | ||
| c | Дата издания | 1938 | ||
| 300 | a | Объем | 489, [1] с., [4] л. карт. | |
| 504 | a | Библиография | Библиогр. в подстроч. примеч. | |
| 653 | 0_ | a | Ключевые слова | 16 в. |
| a | Ключевые слова | 17 в. | ||
| a | Ключевые слова | Европа | ||
| a | Ключевые слова | История | ||
| a | Ключевые слова | Западная Европа | ||
| a | Ключевые слова | История Западной Европы | ||
| 700 | 1_ | a | Другие авторы | Вайнштейн Осип Львович |
| e | Роль лиц | Редактор | ||
| 710 | 12 | a | Организация/ юрисдикция | Ленинградский государственный университет |
| b | Другие уровни | Исторический факультет | ||
| 901 | t | Тип документа | m | |
| 920 | a | Оператор | Бочк | |
| a | Оператор | МПоля | ||
| a | Оператор | Прокоф | ||
| 930 | a | Новая/Ретро | ретро | |
| 952 | c | Вид литературы | К ру | |
| 954 | a | Дата поступления на обработку | 20100614 | |
| c | Дата окончания ОНО | 20200611 |